[Event "29. Torneo Collado Villalba 2012"]
[Site "Collado Villalba ESP"]
[Date "2012.08.29"]
[Round "6.21"]
[White "Martin-Consuegra Barrilero, Francisco Javier"]
[Black "Gonzalez Mateo, Jose Luis"]
[Result "0-1"]
[WhiteElo "1895"]
[BlackElo "1781"]
[PlyCount "68"]
[EventDate "2012.08.24"]
[EventType "swiss"]
[EventRounds "9"]
[EventCountry "ESP"]
[Source "lmi"]
[SourceDate "2012.08.24"]

1. d4 g6 2. e4 Bg7 3. Be3 c5 4. c3 Nf6 5. f3 cxd4 6. Bxd4 Nc6 7. Bf2 d5 8. exd5
Nxd5 9. Bc4 Be6 10. Ne2 Nxc3 11. Nbxc3 Bxc4 12. a3 Qd3 13. Qxd3 Bxd3 14. Rd1
Rd8 15. Nf4 Bc4 16. Rxd8+ Kxd8 17. Nfe2 Kc8 18. Be3 Ne5 19. O-O Nd3 20. b4 b5
21. Bxa7 Kb7 22. Be3 Ra8 23. Ra1 Nxb4 24. Rb1 Rxa3 25. Bc1 Rxc3 26. Nxc3 Bxc3
27. Be3 Nd5 28. Kf2 Nxe3 29. Kxe3 b4 30. Rc1 e5 31. g3 Bd4+ 32. Kd2 Ba2 33. h3
b3 34. Rh1 b2 0-1

[Event "29. Torneo Collado Villalba 2012"]
[Site "Collado Villalba ESP"]
[Date "2012.08.30"]
[Round "7.1"]
[White "Vazquez Igarza, Renier"]
[Black "Roa Alonso, Santiago"]
[Result "0-1"]
[WhiteElo "2570"]
[BlackElo "2426"]
[PlyCount "154"]
[EventDate "2012.08.24"]
[EventType "swiss"]
[EventRounds "9"]
[EventCountry "ESP"]
[Source "lmi"]
[SourceDate "2012.08.24"]

1. Nf3 Nf6 2. c4 g6 3. Nc3 Bg7 4. e4 d6 5. d4 O-O 6. Be2 e5 7. Be3 Qe7 8. dxe5
dxe5 9. Nd5 Qd8 10. Bc5 Nxe4 11. Be7 Qd7 12. Qd3 Nd6 13. Bxf8 Kxf8 14. Qa3 e4
15. Ng5 Kg8 16. Rd1 Nc6 17. c5 Ne8 18. Bb5 Qg4 19. Qg3 h6 20. Nh3 Nd4 21. Bc4
Nc2+ 22. Kd2 e3+ 23. Nxe3 Nxe3 24. Qxg4 Nxg4 25. Kc1 Bf5 26. Rhe1 Ne5 27. Bf1
h5 28. Nf4 Bh6 29. g3 Nf3 30. Re3 Nxh2 31. Bc4 Bg5 32. Rd4 Ng4 33. Re2 Kf8 34.
f3 Ngf6 35. Kd1 c6 36. Nd3 Nd7 37. b4 Bf6 38. Rf4 Rd8 39. Ke1 Bxd3 40. Bxd3
Bc3+ 41. Kf1 Ne5 42. Bc2 Nc7 43. Kg2 Nd5 44. Rfe4 Nxb4 45. Bb3 Nbd3 46. f4 Nxc5
47. fxe5 Nxe4 48. Rxe4 Rd2+ 49. Kh3 Ke7 50. Rf4 Bxe5 51. Rxf7+ Kd6 52. Rxb7 Rd3
53. Rxa7 Rxg3+ 54. Kh4 Rg4+ 55. Kh3 g5 56. Ba4 Rg3+ 57. Kh2 Ra3+ 58. Kg2 g4 59.
Ra6 h4 60. Rxc6+ Kd5 61. Ra6 Rxa2+ 62. Kf1 Ra1+ 63. Ke2 Ra2+ 64. Kf1 Kd4 65.
Bb5 Rb2 66. Ra4+ Ke3 67. Ra3+ Kf4 68. Ra4+ Kg3 69. Bd7 Rf2+ 70. Kg1 Rd2 71.
Ra3+ Kf4 72. Ra4+ Bd4+ 73. Kf1 g3 74. Bh3 Kf3 75. Ke1 Rh2 76. Bd7 Bc3+ 77. Kd1
Rd2+ 0-1

[Event "29. Torneo Collado Villalba 2012"]
[Site "Collado Villalba ESP"]
[Date "2012.08.30"]
[Round "7.2"]
[White "Bermejo Arruego, Luis"]
[Black "Moreno Ruiz, Javier"]
[Result "1/2-1/2"]
[WhiteElo "2188"]
[BlackElo "2498"]
[PlyCount "97"]
[EventDate "2012.08.24"]
[EventType "swiss"]
[EventRounds "9"]
[EventCountry "ESP"]
[Source "lmi"]
[SourceDate "2012.08.24"]

1. e4 c5 2. Nf3 Nc6 3. Bb5 g6 4. Bxc6 bxc6 5. O-O Bg7 6. Qe2 Nh6 7. c3 Qb6 8.
Rd1 Ba6 9. d3 O-O 10. Na3 d6 11. h3 f6 12. Be3 Qb7 13. Qc2 Nf7 14. Qa4 e5 15.
Nh4 Qc8 16. Rac1 Bb7 17. Nc4 f5 18. exf5 gxf5 19. f4 Qe6 20. fxe5 Nxe5 21. Nxe5
Bxe5 22. Bf4 Bxf4 23. Qxf4 Ba6 24. Qg5+ Kh8 25. Re1 Qf6 26. Qxf6+ Rxf6 27. c4
Rg8 28. Re7 Bc8 29. Rce1 f4 30. Kf2 Rh6 31. Re8 Bxh3 32. gxh3 Rxh4 33. Rxg8+
Kxg8 34. Re6 Rxh3 35. Rxd6 Kg7 36. Rxc6 Rxd3 37. Rxc5 Kg6 38. Re5 h5 39. c5 Kf6
40. Re2 f3 41. Rc2 Ke7 42. b4 Kd7 43. b5 Ra3 44. Kg3 Kc7 45. Kf4 Ra4+ 46. Kxf3
Rb4 47. a4 Rxa4 48. Rb2 Rc4 49. b6+ 1/2-1/2

[Event "29. Torneo Collado Villalba 2012"]
[Site "Collado Villalba ESP"]
[Date "2012.08.30"]
[Round "7.3"]
[White "Arribas Lopez, Angel"]
[Black "Prieto Martin, Alfonso"]
[Result "1-0"]
[WhiteElo "2467"]
[BlackElo "2146"]
[PlyCount "57"]
[EventDate "2012.08.24"]
[EventType "swiss"]
[EventRounds "9"]
[EventCountry "ESP"]
[Source "lmi"]
[SourceDate "2012.08.24"]

1. Nf3 e6 2. e4 c5 3. d3 Nc6 4. g3 Nge7 5. Bg2 g6 6. h4 h6 7. d4 cxd4 8. Nxd4
Qb6 9. Nb3 Bg7 10. Be3 Qc7 11. Na3 O-O 12. Nb5 Qe5 13. Nd6 Qxb2 14. O-O f5 15.
h5 g5 16. Nxc8 Raxc8 17. Qxd7 Qf6 18. exf5 Qxf5 19. Rae1 Nd5 20. Bc5 Ne5 21.
Rxe5 Qxe5 22. Bxf8 Rxf8 23. Qxb7 g4 24. Qb5 a6 25. Qc5 Rf5 26. Qc8+ Kh7 27.
Qxa6 Ne3 28. Re1 Qb2 29. Rxe3 1-0

[Event "29. Torneo Collado Villalba 2012"]
[Site "Collado Villalba ESP"]
[Date "2012.08.30"]
[Round "7.6"]
[White "Lopez Mulet, Iñigo"]
[Black "Pascual Palomo, Lucia"]
[Result "1-0"]
[WhiteElo "1960"]
[BlackElo "2120"]
[PlyCount "137"]
[EventDate "2012.08.24"]
[EventType "swiss"]
[EventRounds "9"]
[EventCountry "ESP"]
[Source "lmi"]
[SourceDate "2012.08.24"]

1. d4 e6 2. c4 Nf6 3. g3 d5 4. Nf3 Be7 5. Bg2 O-O 6. O-O b6 7. cxd5 Nxd5 8. e4
Nf6 9. Nc3 Bb7 10. Qc2 Nc6 11. Rd1 Nb4 12. Qb1 c6 13. a3 Na6 14. Qc2 h6 15. Bf4
Qc8 16. Nd2 Rd8 17. Nc4 Qd7 18. h3 Rac8 19. Rd2 Qe8 20. Qb3 Nc7 21. Rad1 Ba8
22. g4 Qf8 23. Qc2 b5 24. Na5 b4 25. Bxc7 Rxc7 26. Nb5 Rcd7 27. Nxc6 Bxc6 28.
Qxc6 bxa3 29. bxa3 Bxa3 30. e5 Ne8 31. Qc4 Bb4 32. Rb2 a5 33. Rc2 Rb8 34. Bc6
Rdd8 35. Rdc1 Qe7 36. f4 Qh4 37. Kg2 h5 38. Qe2 g6 39. Qf3 Ng7 40. Rc4 Qe7 41.
Rd1 Rb6 42. d5 exd5 43. Rxd5 Rxd5 44. Qxd5 hxg4 45. hxg4 Qh4 46. Qf3 Qe1 47.
Qf2 Qxf2+ 48. Kxf2 Ne6 49. Ke3 Bc5+ 50. Ke4 Rxc6 51. f5 Rb6 52. Na7 Ng5+ 53.
Kd5 Bf8 54. Rc8 Rb7 55. Nc6 Rd7+ 56. Kc4 gxf5 57. gxf5 Nf3 58. f6 Nd2+ 59. Kb5
Rd5+ 60. Ka4 Rd3 61. Ne7+ Kh7 62. Rxf8 Rd4+ 63. Kb5 Re4 64. Rxf7+ Kh6 65. Ng8+
Kh5 66. Re7 Nf3 67. f7 Rb4+ 68. Kxa5 Rf4 69. Nf6+ 1-0

[Event "29. Torneo Collado Villalba 2012"]
[Site "Collado Villalba ESP"]
[Date "2012.08.30"]
[Round "7.7"]
[White "Sanchez Gonzalez, Sergio"]
[Black "Suarez Triguero, Jose Alfonso"]
[Result "1-0"]
[WhiteElo "2273"]
[BlackElo "2080"]
[PlyCount "51"]
[EventDate "2012.08.24"]
[EventType "swiss"]
[EventRounds "9"]
[EventCountry "ESP"]
[Source "lmi"]
[SourceDate "2012.08.24"]

1. Nf3 g6 2. c4 Bg7 3. d4 c5 4. e4 cxd4 5. Nxd4 Nc6 6. Be3 Nf6 7. Nc3 Ng4 8.
Qxg4 Nxd4 9. Qd1 e5 10. Nb5 O-O 11. Qd2 Qe7 12. Be2 Nxe2 13. Qxe2 b6 14. O-O
Bb7 15. Qd3 Bc6 16. a4 f5 17. f3 fxe4 18. fxe4 Qh4 19. Nc3 Rxf1+ 20. Rxf1 Rf8
21. Bf2 Qd8 22. b4 Rf7 23. c5 bxc5 24. b5 Ba8 25. Qc4 Bf8 26. Qxf7+ 1-0

[Event "29. Torneo Collado Villalba 2012"]
[Site "Collado Villalba ESP"]
[Date "2012.08.30"]
[Round "7.9"]
[White "Martinez Alvira, Santiago"]
[Black "Estrada Martinez, Cesar"]
[Result "1/2-1/2"]
[WhiteElo "2000"]
[BlackElo "2111"]
[PlyCount "76"]
[EventDate "2012.08.24"]
[EventType "swiss"]
[EventRounds "9"]
[EventCountry "ESP"]
[Source "lmi"]
[SourceDate "2012.08.24"]

1. e4 c5 2. Nf3 Nc6 3. c4 g6 4. d4 cxd4 5. Nxd4 Bg7 6. Be3 Nf6 7. Nc3 O-O 8.
Be2 b6 9. O-O Bb7 10. f3 d6 11. Qd2 Qd7 12. Rfd1 Rad8 13. Rac1 Qc8 14. Nd5 Rfe8
15. Nxc6 Bxc6 16. Bg5 Qd7 17. Bxf6 exf6 18. Bd3 Re5 19. f4 Ree8 20. Qf2 f5 21.
exf5 Bxd5 22. cxd5 Qa4 23. b3 Qd4 24. Bb5 Qxf2+ 25. Kxf2 Re4 26. g3 gxf5 27.
Rc7 a5 28. Re1 Bd4+ 29. Kf1 Kg7 30. Re7 Rxe1+ 31. Kxe1 Kf6 32. Rc7 Bc5 33. Ke2
h5 34. Kf3 h4 35. g4 fxg4+ 36. Kxg4 Rg8+ 37. Kf3 Bg1 38. Rc2 Bc5 1/2-1/2

[Event "29. Torneo Collado Villalba 2012"]
[Site "Collado Villalba ESP"]
[Date "2012.08.30"]
[Round "7.11"]
[White "Ginesta Caballero, Olga Lucia"]
[Black "Martin Martin, Luis Vicente"]
[Result "0-1"]
[WhiteElo "2093"]
[BlackElo "2069"]
[PlyCount "108"]
[EventDate "2012.08.24"]
[EventType "swiss"]
[EventRounds "9"]
[EventCountry "ESP"]
[Source "lmi"]
[SourceDate "2012.08.24"]

1. c4 e5 2. Nc3 Nf6 3. g3 d5 4. cxd5 Nxd5 5. Bg2 Nb6 6. Nf3 Nc6 7. O-O Be7 8.
d3 O-O 9. b3 f5 10. Bb2 Bf6 11. Rc1 Be6 12. Nd2 Qd7 13. Ba3 Rfe8 14. b4 Nd5 15.
Na4 b6 16. e4 Ndxb4 17. exf5 Bd5 18. Ne4 Nxa2 19. Rc4 Nd4 20. Rxc7 Qxc7 21.
Nxf6+ gxf6 22. Bxd5+ Kh8 23. Bxa2 Qc6 24. f3 Nc2 25. Qc1 Rac8 26. Bb3 Nxa3 27.
Qxa3 b5 28. Nb2 Qb6+ 29. Kg2 a5 30. Ra1 a4 31. Nxa4 bxa4 32. Qxa4 Red8 33. Bc4
Ra8 34. Qxa8 Rxa8 35. Rxa8+ Kg7 36. Ra2 Qb1 37. Ra7+ Kh6 38. Ra2 Kg5 39. g4 Qe1
40. Rf2 h5 41. h3 Qe3 42. Rf1 Kh4 43. Be6 hxg4 44. hxg4 Qd2+ 45. Rf2 Qxd3 46.
Rf1 Qd2+ 47. Rf2 Qf4 48. Bd5 Qg3+ 49. Kf1 Kh3 50. Be4 Qf4 51. Rc2 Qe3 52. Re2
Qd4 53. Rc2 Qd1+ 54. Kf2 Kh2 0-1

[Event "29. Torneo Collado Villalba 2012"]
[Site "Collado Villalba ESP"]
[Date "2012.08.30"]
[Round "7.12"]
[White "Colas Longares, Rafael P"]
[Black "Lorite Cruz, Francisco"]
[Result "1-0"]
[WhiteElo "2336"]
[BlackElo "2039"]
[PlyCount "67"]
[EventDate "2012.08.24"]
[EventType "swiss"]
[EventRounds "9"]
[EventCountry "ESP"]
[Source "lmi"]
[SourceDate "2012.08.24"]

1. e4 e5 2. Nf3 Nc6 3. Bb5 a6 4. Ba4 Nf6 5. O-O Nxe4 6. d4 b5 7. Nxe5 Nxe5 8.
dxe5 Nc5 9. Bb3 Nxb3 10. axb3 d5 11. Nc3 Bb7 12. Qd3 Be7 13. Qg3 Qd7 14. Rd1
Qe6 15. Ne2 O-O-O 16. Nd4 Qg6 17. Qc3 Kb8 18. b4 f6 19. e6 Qe8 20. Bf4 Rc8 21.
Ra5 g5 22. Bg3 h5 23. Rda1 h4 24. Qa3 hxg3 25. Rxb5 c6 26. Rxb7+ Kxb7 27. Qxa6+
Kc7 28. Qa5+ Kd6 29. Qc5+ Ke5 30. Re1+ Kf4 31. Qc3 gxh2+ 32. Kh1 Kg4 33. Qf3+
Kh4 34. Qh3# 1-0

[Event "29. Torneo Collado Villalba 2012"]
[Site "Collado Villalba ESP"]
[Date "2012.08.30"]
[Round "7.13"]
[White "Garcia-Ruiz Fuentes, Angel M"]
[Black "Pastor Alonso de Prado, Alberto"]
[Result "1/2-1/2"]
[WhiteElo "1942"]
[BlackElo "2172"]
[PlyCount "91"]
[EventDate "2012.08.24"]
[EventType "swiss"]
[EventRounds "9"]
[EventCountry "ESP"]
[Source "lmi"]
[SourceDate "2012.08.24"]

1. d4 d5 2. Nc3 Bf5 3. f3 Nf6 4. Bg5 Bg6 5. Nh3 Nbd7 6. Nf4 e6 7. Nxg6 hxg6 8.
e4 Be7 9. e5 Nh5 10. Bxe7 Qxe7 11. Ne2 f5 12. Qd2 g5 13. O-O-O g6 14. g3 Nb6
15. f4 O-O-O 16. b3 Qa3+ 17. Kb1 g4 18. h4 gxh3 19. Bxh3 Ng7 20. g4 Rh7 21.
gxf5 gxf5 22. Bg2 Rdh8 23. Rxh7 Rxh7 24. Rh1 Rxh1+ 25. Bxh1 Nd7 26. Bf3 b6 27.
Qc1 Qxc1+ 28. Kxc1 Nf8 29. Kd2 Ng6 30. Ke3 c5 31. c4 dxc4 32. dxc5 cxb3 33.
cxb6 bxa2 34. bxa7 a1=Q 35. a8=Q+ Qxa8 36. Bxa8 Kc7 37. Nd4 Kb6 38. Ne2 Kc5 39.
Bb7 Ne7 40. Bf3 Ne8 41. Bh5 Nd5+ 42. Kf3 Nec7 43. Kg3 Kc4 44. Kh4 Kd3 45. Kg5
Ke3 46. Ng3 1/2-1/2

[Event "29. Torneo Collado Villalba 2012"]
[Site "Collado Villalba ESP"]
[Date "2012.08.30"]
[Round "7.14"]
[White "Garcia Saez, Juan Carlos"]
[Black "Cao Armillas, Jesus"]
[Result "0-1"]
[WhiteElo "2004"]
[BlackElo "2163"]
[PlyCount "90"]
[EventDate "2012.08.24"]
[EventType "swiss"]
[EventRounds "9"]
[EventCountry "ESP"]
[Source "lmi"]
[SourceDate "2012.08.24"]

1. e4 c5 2. Nf3 d6 3. b3 Nc6 4. d4 cxd4 5. Nxd4 Nf6 6. f3 g6 7. Bb2 Bg7 8. Nd2
O-O 9. Nxc6 bxc6 10. c4 Qb6 11. Qe2 a5 12. Qf2 Qxf2+ 13. Kxf2 Nxe4+ 14. Nxe4
Bxb2 15. Rd1 c5 16. Bd3 Bd4+ 17. Ke2 Bd7 18. Rhe1 a4 19. Bc2 axb3 20. Bxb3 Ba4
21. Kd3 Bxb3 22. axb3 Rfb8 23. Nd2 Kf8 24. h4 h5 25. g4 Rb7 26. Re4 e5 27. Re2
f6 28. Rg2 Kf7 29. Rb1 Rb6 30. gxh5 gxh5 31. Rf1 Rbb8 32. Re1 Ke6 33. Rg7 Rg8
34. Rh7 Rh8 35. Rb7 Rab8 36. Ra7 f5 37. Re2 Rbg8 38. Kc2 Rg3 39. Rh2 Rh6 40.
Rh1 Rg2 41. Kd3 Rhg6 42. Rh3 Rf2 43. Ra8 Rgg2 44. Ra2 Re2 45. Rh1 e4+ 0-1

[Event "29. Torneo Collado Villalba 2012"]
[Site "Collado Villalba ESP"]
[Date "2012.08.30"]
[Round "7.15"]
[White "Unciti Juan, Javier"]
[Black "Torres Samper, Rafael"]
[Result "1-0"]
[WhiteElo "2143"]
[BlackElo "2000"]
[PlyCount "49"]
[EventDate "2012.08.24"]
[EventType "swiss"]
[EventRounds "9"]
[EventCountry "ESP"]
[Source "lmi"]
[SourceDate "2012.08.24"]

1. e4 c5 2. Nf3 d6 3. d4 cxd4 4. Nxd4 Nf6 5. Nc3 a6 6. Bc4 e6 7. Bb3 Nbd7 8.
O-O Qc7 9. Qf3 b5 10. Re1 Nc5 11. Nd5 Nxd5 12. exd5 e5 13. Qg3 Bb7 14. a4 Nxb3
15. cxb3 Bxd5 16. axb5 axb5 17. Nxb5 Qb6 18. Rxe5+ dxe5 19. Qxe5+ Be7 20. Nc7+
Kd7 21. Qxd5+ Kxc7 22. Bf4+ Bd6 23. Rc1+ Kd7 24. Qxf7+ Kd8 25. Bg5+ 1-0

[Event "29. Torneo Collado Villalba 2012"]
[Site "Collado Villalba ESP"]
[Date "2012.08.30"]
[Round "7.16"]
[White "Lopez Ziegler, Carlos"]
[Black "Erice Alonso, Santiago"]
[Result "0-1"]
[WhiteElo "1918"]
[BlackElo "2011"]
[PlyCount "86"]
[EventDate "2012.08.24"]
[EventType "swiss"]
[EventRounds "9"]
[EventCountry "ESP"]
[Source "lmi"]
[SourceDate "2012.08.24"]

1. e4 c5 2. Nf3 d6 3. Nc3 Nf6 4. d4 cxd4 5. Nxd4 e5 6. Nb3 Nc6 7. Bg5 Be7 8.
Qd2 h6 9. Bxf6 Bxf6 10. Nd5 Bg5 11. Qd3 O-O 12. g3 Be6 13. h4 Be7 14. O-O-O Rc8
15. a3 a6 16. c3 Re8 17. Na1 Bf8 18. Nc2 Na5 19. Nce3 Nb3+ 20. Kb1 Nc5 21. Qc2
b5 22. Be2 Rb8 23. g4 g6 24. g5 hxg5 25. hxg5 Qxg5 26. Rdg1 Qd8 27. Bg4 Bg7 28.
f3 Nd7 29. Nf5 Bxd5 30. Nxg7 Kxg7 31. Qd2 Rh8 32. Bxd7 Bxe4+ 33. fxe4 Qxd7 34.
Rd1 Rxh1 35. Rxh1 Rh8 36. Rd1 Qg4 37. Qxd6 Qxe4+ 38. Ka1 Qe2 39. Qd5 Rh2 40.
Qb3 Rf2 41. Rh1 g5 42. Qb4 g4 43. a4 Rf1+ 0-1

[Event "29. Torneo Collado Villalba 2012"]
[Site "Collado Villalba ESP"]
[Date "2012.08.30"]
[Round "7.17"]
[White "Saez Gabikagogeaskoa, Oscar"]
[Black "Velasco Garcia, Jorge Juan"]
[Result "0-1"]
[WhiteElo "1989"]
[BlackElo "1920"]
[PlyCount "80"]
[EventDate "2012.08.24"]
[EventType "swiss"]
[EventRounds "9"]
[EventCountry "ESP"]
[Source "lmi"]
[SourceDate "2012.08.24"]

1. e4 Nf6 2. e5 Nd5 3. d4 d6 4. c4 Nb6 5. exd6 Qxd6 6. Nf3 Bg4 7. Be2 Qd8 8.
O-O e6 9. h3 Bh5 10. Nc3 Be7 11. c5 N6d7 12. d5 exd5 13. Qxd5 Bxf3 14. Qxf3 Nc6
15. Rd1 O-O 16. Bf4 Bxc5 17. Nb5 Nde5 18. Qc3 Qe7 19. Nxc7 Bxf2+ 20. Kxf2 Qxc7
21. Kf1 Rfe8 22. Bb5 Qe7 23. Kg1 a6 24. Ba4 Ng6 25. Bg3 Qe3+ 26. Kh2 Qxc3 27.
bxc3 Re3 28. c4 Nge5 29. c5 Re8 30. Rab1 Re7 31. Rd2 g5 32. Rdb2 Nd8 33. h4 h6
34. Rb6 Ng4+ 35. Kh3 Nf2+ 36. Kh2 Ng4+ 37. Kh3 f5 38. hxg5 hxg5 39. Rg6+ Kf8
40. Rbb6 Rxg3+ 0-1

[Event "29. Torneo Collado Villalba 2012"]
[Site "Collado Villalba ESP"]
[Date "2012.08.30"]
[Round "7.18"]
[White "Lopez Heras, Arturo"]
[Black "Martin Carmona, Gaston Manuel"]
[Result "1-0"]
[WhiteElo "1971"]
[BlackElo "1779"]
[PlyCount "81"]
[EventDate "2012.08.24"]
[EventType "swiss"]
[EventRounds "9"]
[EventCountry "ESP"]
[Source "lmi"]
[SourceDate "2012.08.24"]

1. e4 e6 2. d4 d5 3. e5 c5 4. c3 Nc6 5. Nf3 Bd7 6. a3 f6 7. h4 Qc7 8. Bb5 Nxe5
9. Nxe5 Bxb5 10. Qh5+ g6 11. Nxg6 Qf7 12. Nf4 Qxh5 13. Nxh5 Rc8 14. Be3 Kf7 15.
Nd2 Bd6 16. Rh3 cxd4 17. Bxd4 b6 18. Be3 Rf8 19. a4 Bd7 20. a5 Bc5 21. axb6
axb6 22. Rg3 Ke7 23. Ra7 Kd6 24. Rg7 Rd8 25. Nb3 Bxe3 26. fxe3 e5 27. Nd2 Be6
28. Ng3 Bd7 29. e4 Ne7 30. exd5 Nxd5 31. Nge4+ Ke6 32. c4 Nb4 33. b3 h6 34. Rb7
Nc6 35. Rxb6 Kf5 36. Nd6+ Kf4 37. Nf7 Ra8 38. Nxh8 Ra1+ 39. Kf2 Nd4 40. Rxf6+
Bf5 41. g3# 1-0

[Event "29. Torneo Collado Villalba 2012"]
[Site "Collado Villalba ESP"]
[Date "2012.08.30"]
[Round "7.19"]
[White "Hernandez Yañez, Javier"]
[Black "Herrero Corada, Jose Ignacio"]
[Result "1/2-1/2"]
[WhiteElo "1952"]
[BlackElo "1850"]
[PlyCount "91"]
[EventDate "2012.08.24"]
[EventType "swiss"]
[EventRounds "9"]
[EventCountry "ESP"]
[Source "lmi"]
[SourceDate "2012.08.24"]

1. c4 c6 2. g3 d5 3. cxd5 cxd5 4. Bg2 Nf6 5. Nf3 Nc6 6. d4 Bf5 7. O-O e6 8. Nc3
Be7 9. Nh4 Bg4 10. f3 Bh5 11. Bh1 Nd7 12. Ng2 Nxd4 13. Nf4 Bg6 14. Nxg6 hxg6
15. e4 dxe4 16. Nxe4 Nf6 17. Be3 Nc6 18. Qb3 Qd5 19. Nxf6+ Bxf6 20. Qxd5 exd5
21. Rfd1 O-O-O 22. f4 d4 23. Bf2 Kb8 24. Rd3 Rd7 25. Rad1 Rhd8 26. a3 Na5 27.
b3 Nc6 28. g4 g5 29. fxg5 Be5 30. Re1 Bc7 31. Re4 Ne5 32. Rdxd4 Rxd4 33. Bxd4
Rxd4 34. Rxd4 Bb6 35. Kf2 Bxd4+ 36. Kg3 Ng6 37. Bd5 f6 38. Be6 Be5+ 39. Kf2 Nf4
40. gxf6 Bxf6 41. Kf3 Nh3 42. Bf5 Be5 43. Kg2 Nf4+ 44. Kf3 Nd5 45. Ke4 Bxh2 46.
Kxd5 1/2-1/2

[Event "29. Torneo Collado Villalba 2012"]
[Site "Collado Villalba ESP"]
[Date "2012.08.30"]
[Round "7.20"]
[White "Perez Cameselle, Francisco"]
[Black "Torres Grajales, Ramon"]
[Result "1-0"]
[WhiteElo "1843"]
[BlackElo "2017"]
[PlyCount "99"]
[EventDate "2012.08.24"]
[EventType "swiss"]
[EventRounds "9"]
[EventCountry "ESP"]
[Source "lmi"]
[SourceDate "2012.08.24"]

1. e4 e5 2. Nf3 Nc6 3. Bb5 a6 4. Ba4 Nf6 5. O-O b5 6. Bb3 Bb7 7. Re1 Bc5 8. c3
d6 9. d4 Bb6 10. h3 Qe7 11. d5 Na7 12. a4 c5 13. dxc6 Bxc6 14. Bg5 h6 15. Bxf6
Qxf6 16. Bd5 Bxd5 17. Qxd5 O-O 18. axb5 Nxb5 19. Na3 Nc7 20. Qc6 Rab8 21. Nc4
Na8 22. Qxd6 Qxd6 23. Nxd6 Bc7 24. Nc4 a5 25. Re2 Rb5 26. Rd2 f6 27. Rd5 Rfb8
28. Rxb5 Rxb5 29. b4 Rb8 30. Nxa5 Bb6 31. Nc6 Re8 32. Ne7+ Kf7 33. Nd5 f5 34.
exf5 e4 35. Nd2 Re5 36. Rxa8 Rxd5 37. Nxe4 Re5 38. Rb8 Rxe4 39. Rxb6 Rc4 40.
Kf1 Rxc3 41. Ke2 Rc2+ 42. Ke3 Rb2 43. b5 Ke7 44. g3 Kf7 45. h4 Rb3+ 46. Ke4 Rb2
47. Ke5 Re2+ 48. Kd6 Rd2+ 49. Kc7 Rxf2 50. Rc6 1-0

[Event "29. Torneo Collado Villalba 2012"]
[Site "Collado Villalba ESP"]
[Date "2012.08.30"]
[Round "7.21"]
[White "Serrano Martinez, Francisco Jose"]
[Black "Gutierrez Mordini, Pablo"]
[Result "1-0"]
[WhiteElo "1958"]
[BlackElo "1690"]
[PlyCount "81"]
[EventDate "2012.08.24"]
[EventType "swiss"]
[EventRounds "9"]
[EventCountry "ESP"]
[Source "lmi"]
[SourceDate "2012.08.24"]

1. e4 e5 2. Nf3 Nc6 3. d4 exd4 4. Bc4 Bb4+ 5. c3 dxc3 6. bxc3 Ba5 7. O-O d6 8.
Qb3 Be6 9. Qxb7 Nge7 10. Bd5 Bxd5 11. exd5 Rb8 12. Qa6 Rb6 13. Qc4 O-O 14. dxc6
Qb8 15. Be3 Rxc6 16. Qe4 Re8 17. Bd4 d5 18. Qe5 f6 19. Qh5 g6 20. Qg4 Nf5 21.
Nbd2 Bxc3 22. Bxc3 Rxc3 23. Nd4 Re5 24. Nxf5 Rxf5 25. Qd4 Rc2 26. Nf3 Rc4 27.
Qe3 Re4 28. Qc5 Qb6 29. Qa3 Rff4 30. Qd3 c6 31. a3 Re8 32. Rab1 Qc7 33. Qa6
Rfe4 34. Rfc1 c5 35. Qxf6 d4 36. Qg5 Qd6 37. Qxc5 Qxc5 38. Rxc5 Rd8 39. Rd1 d3
40. Rc3 d2 41. Kf1 1-0

[Event "29. Torneo Collado Villalba 2012"]
[Site "Collado Villalba ESP"]
[Date "2012.08.30"]
[Round "7.22"]
[White "Anula Nieto, Carlos"]
[Black "Gonzalez Mateo, Jose Luis"]
[Result "0-1"]
[WhiteElo "1900"]
[BlackElo "1781"]
[PlyCount "114"]
[EventDate "2012.08.24"]
[EventType "swiss"]
[EventRounds "9"]
[EventCountry "ESP"]
[Source "lmi"]
[SourceDate "2012.08.24"]

1. d4 g6 2. Nf3 Bg7 3. Bf4 c5 4. e3 cxd4 5. exd4 Qb6 6. Nc3 Nc6 7. Nb5 d6 8.
Qe2 Nxd4 9. Nfxd4 Bxd4 10. Nxd6+ Kf8 11. Nc4 Qb4+ 12. Bd2 Qc5 13. c3 Bf6 14.
Be3 Qc7 15. Qf3 Be6 16. Nd2 Rd8 17. Be2 Bd5 18. Qh3 h5 19. O-O Nh6 20. Bxh6+
Rxh6 21. Qe3 Kg7 22. Nf3 b6 23. Rfd1 Rhh8 24. Rd2 e6 25. a3 Qe7 26. Rad1 Bb7
27. Bb5 Rxd2 28. Rxd2 Rd8 29. Rxd8 Qxd8 30. Be2 Qd5 31. c4 Qc6 32. b3 g5 33.
Ne1 g4 34. h3 gxh3 35. Qxh3 h4 36. Qg4+ Kf8 37. Qf4 Ke7 38. Bf3 Qd7 39. Bxb7
Qxb7 40. Nf3 Qd7 41. Qd2 Qxd2 42. Nxd2 Bb2 43. a4 Kd7 44. Kf1 Kc6 45. Ke2 Kc5
46. Kd3 Kb4 47. Kc2 Bd4 48. f3 f5 49. Nf1 Bf2 50. Nd2 Be3 51. Nf1 Bf4 52. Kb2
a5 53. Kc2 e5 54. Kb2 e4 55. fxe4 fxe4 56. Kc2 e3 57. Kd3 Kxb3 0-1

[Event "29. Torneo Collado Villalba 2012"]
[Site "Collado Villalba ESP"]
[Date "2012.08.30"]
[Round "7.23"]
[White "Garcia-Sanchez Navarro, Mariano"]
[Black "Rodriguez De Robles, Ignacio"]
[Result "0-1"]
[WhiteElo "1502"]
[BlackElo "1931"]
[PlyCount "72"]
[EventDate "2012.08.24"]
[EventType "swiss"]
[EventRounds "9"]
[EventCountry "ESP"]
[Source "lmi"]
[SourceDate "2012.08.24"]

1. e4 g6 2. d4 Bg7 3. c3 d6 4. Bd3 c5 5. Nf3 Bg4 6. Be3 Qb6 7. Qc1 Bxf3 8. gxf3
cxd4 9. cxd4 Nc6 10. Nd2 Nxd4 11. Kf1 Qa5 12. Nb3 Qb4 13. Bd2 Qb6 14. Be3 Nxb3
15. axb3 Qxb3 16. Rxa7 Qxd3+ 17. Kg2 Rd8 18. Rxb7 Nf6 19. Qc6+ Kf8 20. Qc7 Re8
21. Rc1 Nxe4 22. Rb8 Nf6 23. Re1 Qf5 24. Bc1 Qd7 25. Rxe8+ Qxe8 26. Bf4 Nd5 27.
Qc4 Nxf4+ 28. Qxf4 Bxb2 29. Re2 Be5 30. Qe4 Kg7 31. f4 Bf6 32. Ra2 Qd7 33. Ra3
Rc8 34. Rb3 Qc6 35. f3 Qc1 36. Re3 Rc2+ 0-1

[Event "29. Torneo Collado Villalba 2012"]
[Site "Collado Villalba ESP"]
[Date "2012.08.30"]
[Round "7.24"]
[White "Perez Ortego, Alberto"]
[Black "Martin-Consuegra Barrilero, Francisco Javier"]
[Result "0-1"]
[WhiteElo "1576"]
[BlackElo "1895"]
[PlyCount "92"]
[EventDate "2012.08.24"]
[EventType "swiss"]
[EventRounds "9"]
[EventCountry "ESP"]
[Source "lmi"]
[SourceDate "2012.08.24"]

1. e4 d5 2. exd5 Qxd5 3. Nc3 Qa5 4. Nf3 c6 5. Be2 Nf6 6. O-O Bf5 7. d3 e6 8.
Bd2 Qc7 9. h3 h6 10. Ne4 Bxe4 11. dxe4 Nxe4 12. Bd3 Nxd2 13. Qxd2 Be7 14. Rfe1
Nd7 15. a3 O-O 16. b4 Bf6 17. Rab1 Rfd8 18. c4 c5 19. Qc2 b6 20. b5 Nf8 21. Re2
Rd6 22. Be4 Rad8 23. Bc6 Ng6 24. g3 Ne7 25. Be4 g6 26. Kg2 Kg7 27. a4 Qd7 28.
Qb3 Nf5 29. Bxf5 gxf5 30. Ne5 Bxe5 31. Rxe5 Rd3 32. Qb2 Kg6 33. Re2 Qb7+ 34.
Kh2 Qf3 35. Rbe1 R8d4 36. Re3 Rxe3 37. Rxe3 Qd1 38. Re2 Qxa4 39. g4 Qxc4 40.
gxf5+ Kxf5 41. Qb1+ Qd3 42. Qe1 Re4 43. Rxe4 Qxe4 44. Qd1 Qe5+ 45. Kg2 Qd5+ 46.
Kh2 Qxd1 0-1